000 00311 a2200145 4500
001 177010
020 _a
040 _cMagnum
100 _aSypriano, Lilian
240 1 0 _aMinha amiga sereia
_lpor
245 1 0 _aMinha amiga sereia
362 0 _a1899
697 _aMAGNITO: I/AVENTURA, CRIANCAS
942 _cBK
999 _c177010
_d177010